| 000 | 00536nam a2200157Ia 4500 | ||
|---|---|---|---|
| 008 | 150610s9999 xx 000 0 und d | ||
| 020 | _a9780553573428 | ||
| 050 |
_a PS3563 _b.A7239 S76 2011 |
||
| 100 | _aMartin, George R.R. | ||
| 245 | 2 |
_aA storm of swords / _cGeorge R.R. Martin. |
|
| 250 | _aBantam Books mass market edition. | ||
| 260 |
_aNew York : _bBantam Books, _c2011. |
||
| 300 |
_a1152pages : _bmap; _c18 cm. |
||
| 440 |
_aA song of ice and fire ; bk. 3 _vv.3 |
||
| 504 | _a"#1 New York Times bestselling author"--Cover. | ||
| 999 |
_c287903 _d287903 |
||